World History (Record no. 5067)

MARC details
000 -LEADER
fixed length control field 00423cam a2200181ua 4500
001 - CONTROL NUMBER
control field 5918
005 - DATE AND TIME OF LATEST TRANSACTION
control field 20260515113944.0
008 - FIXED-LENGTH DATA ELEMENTS--GENERAL INFORMATION
fixed length control field 131026n ii |||gr||||Z||||||eng
040 ## - CATALOGING SOURCE
Transcribing agency MAIN
082 ## - DEWEY DECIMAL CLASSIFICATION NUMBER
Classification number 909
245 ## - TITLE STATEMENT
Title World History
Statement of responsibility, etc. By Das
260 ## - PUBLICATION, DISTRIBUTION, ETC.
Place of publication, distribution, etc. Karimganj & Silchar:
Name of publisher, distributor, etc. New Basanti Press.,
Date of publication, distribution, etc. 1962.
300 ## - PHYSICAL DESCRIPTION
Extent iii,146p.
653 ## - INDEX TERM--UNCONTROLLED
Uncontrolled term History
653 ## - INDEX TERM--UNCONTROLLED
Uncontrolled term World History
700 ## - ADDED ENTRY--PERSONAL NAME
Personal name Das,
Relator term Author.
942 ## - ADDED ENTRY ELEMENTS (KOHA)
Koha item type Books
Holdings
Withdrawn status Lost status Damaged status Not for loan Home library Current library Shelving location Date acquired Total checkouts Full call number Barcode Date last seen Date last checked out Copy number Price effective from Koha item type
        Naharkatiya College Library Naharkatiya College Library General stacks 09/19/2020 1 909 | DAS 3478 12/09/2022 12/09/2022 1 09/19/2020 Books
        Naharkatiya College Library Naharkatiya College Library General stacks 09/19/2020   909 | DAS 4181 09/19/2020   2 09/19/2020 Books